00953nam a2200229 a 450000100100000000500170001000800410002702000150006804000250008308200150010810000320012324000260015524501530018126000850033430000280041953400470044770000420049470000480053604900090058495201130059399900170070600002199520200930011533.0100915s2005 gr r 000 | spa d a9608745896 aDO-SdBNPbspacBNPHU axxxbV436e1 aVelestinlís, Rigas945590 0aTA EПАпАΣTΙΚΑ14aLos escritos revolucionarios /cRigas Velestinlís; traducción, Isabel García Gálvez; introducción y edición, Dimitrios Karamberópulos. aAtenas :bSociedad Científica de Estudios sobre Feres- Velestino-Rigas,c2005. a182 p. :bil. ;c24 cm. aTítulo original :tTA EПАпАΣTΙΚΑ1 aGarcía Gálvez, Isabeletr.9455911 aKaramberópulos, Dimitrioseintrod.945592 aBNGR 001050718MOaGRbGRcCTd2010-09-15iLF1l0oxxx V436ep21995-10r2020-06-25w2020-06-25y1ZNo se presta c21493d21493